000 00443nam a2200169Ia 4500
003 LK-CoDNM
008 010623t1988 xxu||||| |||| 00| 1 eng d
040 _aLK-CoDNM
_dLK-CoDNM
_eLK-CoDNM
041 _aeng
080 _a(x)7.036 DHA
100 _aDharmasiri, Albert
245 _aModern Art in Sri Lanka
260 _bThe Associated Newspapers of ceylon Ltd
_aColombo
_c1988
300 _b80, 29 cm
650 _aModern Art
942 _cBK
999 _c113896
_d113896